00811 2200277 4500001002100000005001700021008004100038020002200079035002500101040001200126082001700138090001900155100001600174245013300190250001100323260002600334300002500360650002000385700001600405700002500421700002100446850001200467990001800479990001800497990001800515INLIS00000000000512920150729094234.0  a978-602-9225-85-3 a0010-051500000000262 aYOPDYOG 223a899.2213 b899.2213 Suh S aSU-HYUN, Ji a18 vs 29b: Loving you, forgeting youc/ Ji Su-Hyun; Penerjemah, Rusmalasari dan Dwita Rizki Nientyas; Editor, Letilta Primadani aCet. 1 aBandungbQanitac2013 a316 hlm.c; 20,5 cm. aFiksi Indonesia aRUSMALASARI aDWITA Rizki Nientyas aLELITA Primadani aYOPDYOG a15356-PD/B.15 a15357-PD/B.15 a15358-PD/B.15